Maximilian Beck: Ausgewählte Schriften. Phänomenologie, Erkenntnistheorie, Ontologie /
This book is the first attempt at a critical edition of selected works and letters by Maximilian Beck-the "forgotten phenomenologist". Maximilian, or Max, Beck was one of the representatives of the early phenomenological tradition and in particular of the so-called "Munich" pheno...
Main Author:
Format: eBook
Language:
English
German
Published:
Leiden ; Boston :
Brill,
2026.
Series:
Religious Studies, Theology and Philosophy E-Books Online, Collection 2026.
Value Inquiry Book Series ;
417.
Subjects:
Online Access: Login to view Source
Tags: Add Tag
Call Number: BD218.5
| LEADER | 04455nam a22004818i 4500 | ||
|---|---|---|---|
| 001 | BRILL9789004723986 | ||
| 003 | nllekb | ||
| 005 | 20260324115022.0 | ||
| 006 | m d | ||
| 007 | cr un uuuua | ||
| 008 | 251127s2026 gw sb 001 0 eng d | ||
| 020 | |a 9789004723986 |q (electronic book) | ||
| 020 | |z 9789004723979 |q (print) | ||
| 024 | 7 | |a 10.1163/9789004723986 |2 DOI | |
| 040 | |a NL-LeKB |c NL-LeKB |e rda | ||
| 041 | |a ger | ||
| 050 | 4 | |a BD218.5 | |
| 072 | 7 | |a HPM |2 bicssc | |
| 072 | 7 | |a PHI |x 015000 |2 bisacsh | |
| 082 | 0 | 4 | |a 110 |2 23 |
| 100 | 1 | |a De Santis, Daniele, |e author. | |
| 245 | 1 | 0 | |a Maximilian Beck: Ausgewählte Schriften. Phänomenologie, Erkenntnistheorie, Ontologie / |c Daniele De Santis. |
| 264 | 1 | |a Leiden ; |a Boston : |b Brill, |c 2026. | |
| 264 | 4 | |c ©2026 | |
| 300 | |a 1 online resource (379 pages) : |b illustrations. | ||
| 336 | |a text |b txt |2 rdacontent | ||
| 337 | |a computer |b c |2 rdamedia | ||
| 338 | |a online resource |2 rdacarrier | ||
| 490 | 1 | |a Religious Studies, Theology and Philosophy E-Books Online, Collection 2026 | |
| 490 | 1 | |a Value Inquiry Book Series ; |v 417 | |
| 504 | |a Includes bibliographical references and index. | ||
| 505 | 0 | |t Einleitung: Der vergessene Phänomenologe - Leben und Werk Maximilian Becks -- Daniele De Santis -- TEIL I: Veröffentlichte Aufsätze (von Maximilian Beck) -- Referat und Kritik von Martin Heidegger: "Sein und Zeit" -- Der phänomenologische Idealismus, die phänomenologische Methode und die Hermeneutik im Anschluß an Theodor Celms: "Der phänomenologische Idealismus Husserls" -- Erkenntnistheoretische Auseinandersetzung. Erster Teil -- Erkenntnistheoretische Auseinandersetzung. Fortsetzung -- Erkenntnistheoretische Auseinandersetzung. Schluß -- Ideelle Existenz. Erster Teil -- Ideelle Existenz. Zweiter Teil -- Positive Begründung der Lehre von der objektiven Existenz der Ideen -- Anhang. Das Problem der Materialität oder des Daseins (im Unterschied vom "Sein" der Wesen) -- TEIL II: Unveröffentlichte Texte (von Maximilian Beck) -- Rehabilitierung des "naïven Realismus" -- Brief an Martin Heidegger -- Brief an Oskar Becker -- Brief an Johannes Daubert -- Brief an Herbert Marcuse -- Briefe an Hedwig Conrad-Martius -- Bibliographie -- Index. | |
| 520 | |a This book is the first attempt at a critical edition of selected works and letters by Maximilian Beck-the "forgotten phenomenologist". Maximilian, or Max, Beck was one of the representatives of the early phenomenological tradition and in particular of the so-called "Munich" phenomenological circle. In the introductory chapter, Daniele De Santis presents his life, his most important publications and the general character of his philosophy. Beck supported a strong objectivism in ontology and theory of ideas and advocated a radical form of "naïve realism" in the theory of knowledge. He was the author of the first long, critical discussion of Heidegger's Being and Time and a radical critic of all forms of transcendentalism and idealism, especially those of Husserl and Heidegger. Dieses Buch ist der erste Versuch einer textkritischen Ausgabe ausgewählter Werke und Briefe von Maximilian Beck-dem "vergessenen Phänomenologen". Maximilian, oder Max, Beck war einer der Vertreter der frühen phänomenologischen Tradition und insbesondere des sogenannten "Münchner" Phänomenologiekreises. In der Einleitung stellt Daniele De Santis sein Leben, seine Veröffentlichungen und den allgemeinen Charakter seiner Philosophie vor. Beck unterstützte einen starken Objektivismus in der Ontologie und Ideentheorie und vertrat einen "naïven Realismus" in der Erkenntnistheorie. Beck war der Autor der ersten langen und kritischen Besprechung von Heideggers Sein und Zeit und ein Kritiker aller Formen von Transzendentalismus und Idealismus, insbesondere derjenigen von Husserl und Heidegger. | ||
| 546 | |a German | ||
| 588 | |a Description based on print version record. | ||
| 650 | 0 | 0 | |a 19th & 20th Century Philosophy. |
| 650 | 0 | 0 | |a Epistemology & Metaphysics. |
| 650 | 0 | 0 | |a Philosophy. |
| 776 | 0 | 8 | |i Print version: |t Maximilian Beck: Ausgewählte Schriften. Phänomenologie, Erkenntnistheorie, Ontologie. |d Leiden ; Boston : Brill, 2026. |z 9789004723979 |w (OCoLC)1541917611 |
| 830 | 0 | |a Religious Studies, Theology and Philosophy E-Books Online, Collection 2026. | |
| 830 | 0 | |a Value Inquiry Book Series ; |v 417. | |
| 856 | 4 | |z DOI: |u http://dx.doi.org/10.1163/9789004723986 | |
| 999 | |c 61940 |d 61940 | ||
